000 01026cgm a2200289 4500
001 B3264
008 090401t1990 xxu||||| |||| 00| 0 eng d
035 _a(Sirsi) u54998
041 _aeng
050 _a711.52
100 _aTurton, Genie
245 _aCity grant ... (sound recording)
260 _aLondon
_bRoyal Institution of Chartered Surveyors
_c1990
300 _a1 sound cassette (60 min.)
350 _a10
490 _aOwlion Audio Programme
520 _aExplains the operation of one of the Government`s main instruments in reviving Inner Cities, how applications should be presented, the manner in which they are evaluated and some of the key issues that affect decisions on applications.
650 _aAUDIO CASSETTES
650 _aCITY GRANTS
650 _aINNER CITY REDEVELOPMENT
700 _aLewis, Bronwen
700 _aBeattie, Richard
710 _aRoyal Institution of Chartered Surveyors
_94900
710 _aCollege of Estate Management
_9400
942 _n0
948 _c04/03/1997
999 _c85308
_d85308